ARRUPE JESUIT UNIVERSITY

CORONAVIRUS -STOP THE SPREAD - CLEAN,DISINFECT,COVER

The Catholic cult of the Paraclete / (Record no. 121266)

MARC details
000 -LEADER
fixed length control field 00772nam a2200241 i 4500
001 - CONTROL NUMBER
control field 4096113
003 - CONTROL NUMBER IDENTIFIER
control field ARRUPE
005 - DATE AND TIME OF LATEST TRANSACTION
control field 20141118143102.0
008 - FIXED-LENGTH DATA ELEMENTS--GENERAL INFORMATION
fixed length control field 750403s1975 nyu b 001 0 eng
010 ## - LIBRARY OF CONGRESS CONTROL NUMBER
LC control number 74010163
020 ## - INTERNATIONAL STANDARD BOOK NUMBER
International Standard Book Number 0836205995 :
Terms of availability $6.95
040 ## - CATALOGING SOURCE
Original cataloging agency DLC
Transcribing agency DLC
Modifying agency DLC
050 00 - LIBRARY OF CONGRESS CALL NUMBER
Classification number BX2350.57
Item number .F5
082 00 - DEWEY DECIMAL CLASSIFICATION NUMBER
Classification number 301.5/8
300 ## - PHYSICAL DESCRIPTION
Dimensions 21 cm.
100 1# - MAIN ENTRY--PERSONAL NAME
Personal name Fichter, Joseph Henry,
Dates associated with a name 1908-
9 (RLIN) 12721
245 14 - TITLE STATEMENT
Title The Catholic cult of the Paraclete /
Statement of responsibility, etc by Joseph H. Fichter ; with a foreword by Donald L. Gelpi.
260 ## - PUBLICATION, DISTRIBUTION, ETC. (IMPRINT)
Place of publication, distribution, etc New York :
Name of publisher, distributor, etc Sheed and Ward,
Date of publication, distribution, etc [1975]
300 ## - PHYSICAL DESCRIPTION
Extent xv, 183 p. ;
504 ## - BIBLIOGRAPHY, ETC. NOTE
Bibliography, etc Includes bibliographical references and index.
650 #0 - SUBJECT ADDED ENTRY--TOPICAL TERM
Topical term or geographic name as entry element Pentecostalism.
9 (RLIN) 2956
906 ## - LOCAL DATA ELEMENT F, LDF (RLIN)
a 7
b cbc
c orignew
d 2
e ocip
f 19
g y-gencatlg
942 ## - ADDED ENTRY ELEMENTS (KOHA)
Source of classification or shelving scheme Library of Congress Classification
Koha item type Monograph ( Printed materials)
Holdings
Withdrawn status Lost status Source of classification or shelving scheme Damaged status Not for loan Collection code Home library Current library Shelving location Date acquired Total Checkouts Full call number Barcode Date last seen Date checked out Price effective from Koha item type
    Library of Congress Classification     Main Collection ARRUPE LIBRARY ARRUPE LIBRARY Main Collection 18/11/2014 2 BX2350.57 .F5 46500001266 03/08/2020 05/06/2020 18/11/2014 Monograph ( Printed materials)

 

Arrupe Library. PO Box MP320 Mt Pleasant, Harare, Zimbabwe
263 242 745411|librarian@aju.ac.zw